[Event "ARG-ch U2000"]
[Site "Santiago del Estero"]
[Date "2015.07.18"]
[Round "1.2"]
[White "Rodriguez, Luis Jose Lucio"]
[Black "Jalil, Maria Sol"]
[Result "1-0"]
[WhiteElo "1982"]
[BlackElo "1509"]
[PlyCount "77"]
[EventDate "2015.07.18"]
[EventType "swiss"]
[EventRounds "6"]
[EventCountry "ARG"]
[SourceTitle "EXT 2024"]
[Source "ChessBase"]
[SourceDate "2023.10.10"]
[SourceVersion "1"]
[SourceVersionDate "2023.10.10"]
[SourceQuality "1"]

1. d4 d5 2. c4 e6 3. Nc3 Nf6 4. Bg5 h6 5. Bxf6 Qxf6 6. cxd5 Bd7 7. Nf3 Bb4 8. Qb3 Bxc3+ 9. bxc3 b6 10. e3 a6 11. Be2 0-0 12. 0-0 exd5 13. Qxd5 Bc6 14. Qe5 Qxe5 15. Nxe5 Bb7 16. Bc4 b5 17. Rab1 Be4 18. Bd3 Bxd3 19. Nxd3 Nc6 20. Nc5 Na5 21. Rfe1 Rfd8 22. f3 c6 23. Kf2 Nc4 24. Re2 Ra7 25. a4 Nb6 26. e4 Nd7 27. Nxd7 Rdxd7 28. Ra2 Kf8 29. Ke3 Re7 30. Rba1 Rac7 31. Kd3 c5 32. axb5 c4+ 33. Ke3 axb5 34. Rb1 Rb7 35. Ra5 b4 36. Rxb4 Rxb4 37. Ra8+ Re8 38. Rxe8+ Kxe8 39. cxb4 1-0